000 00518nam a2200181Ia 4500
005 20250508160139.0
008 008 250505s9999 xx 000 0 eng d
037 _aTextual
040 _aFEDL
_beng
_cFEDL
041 _aeng
_2eng
084 _a152.47, KIN
_qFEDL
100 _aKing Leo Hamilton
_9767978
245 0 _aMental and interest tests
260 _aNew York, USA
_bTeachers College Columbia University
_c1931
300 _a124p.
942 _cTEXL
_h152.47, KIN
999 _c1362210
_d1362210